000 01689nam0a2200397 4500
001 RU\NLR\bibl\206051
005 20260406025927.0
010 _a5-94120-017-Х
_93000
021 _aRU
_b2001-29750
_91425
035 _a(NLR Aleph) 000202306
090 _a1172678
_c1172678
100 _a20011114d2001 |||y0rusy50 ca
101 0 _arus
102 _aRU
105 _aa |||||||||
200 1 _aМикросхемы для современных импортных видеомагнитофонов и видеокамер
_f[Подгот. А. А. Коннов, А. Е. Пескин]
205 _a4-е изд.
210 _aМ.
_cДОДЭКА-XXI
_d2001
215 _a287 с.
_cил.
_d24
225 1 _aЭнциклопедия ремонта
_v5
606 0 _aВидеомагнитофоны зарубежные
_xИнтегральные схемы
_92121392
_3RU\NLR\auth\661280960
606 0 _aВидеокамеры зарубежные
_xИнтегральные схемы
_92220014
_3RU\NLR\auth\661333128
610 0 _aВидеомагнитофоны зарубежные - Элементная база
610 0 _aМикроэлектронные схемы интегральные
675 _a[621.397.42.049.77+621.397.46.049.77](1-87)
_v3
_zrus
686 _a49.45
_2rugasnti
686 _a32.94-5
_2rubbk
686 _aЗ940.13-54-04
686 _aЗ940.1-5-04
701 1 _4220
_7ca
_8rus
_aКоннов
_bА. А.
_gАлексей Александрович
_9110391
_3RU\NLR\auth\77336
801 0 _aRU
_bRKP
_c20011114
_gPSBO
801 1 _aRU
_bRKP
_c20011114
801 2 _aRU
_bNLR
_c20030203
_grcr
942 _cBOOK
980 _aNB